| 000 | 01070nam0a22002531 4500 | ||
|---|---|---|---|
| 001 | rc\2765222 | ||
| 005 | 20250529153810.0 | ||
| 035 | _a(NLR Aleph) 006891718 | ||
| 090 |
_a7153905 _c7153905 |
||
| 100 | _a20110915d1940 |||y0rusy50 ca | ||
| 101 | 0 | _arus | |
| 102 | _aRU | ||
| 105 | _aa z ||||| | ||
| 200 | 1 |
_aЗначение выпадения функции селезенки в развитии холестеринемии и фосфатидемии _eЭксперим. исследование к вопросу о мозговом происхождении липоидемии _fВ. И. Глод _g1-й моск. мед. ин-т |
|
| 210 |
_aМосква _aЛенинград _cМедгиз _d1940 _eМосква |
||
| 215 |
_a64 с., 4 вкл. л. ил. _cграф. _d23 см. |
||
| 300 | _aРезюме на нем. яз. | ||
| 320 | _aБиблиогр.: с. 58-62 | ||
| 700 | 1 |
_aГлод _bВ.И. _f1894- _gВалентина Ивановна |
|
| 801 | 0 |
_aRU _bNLR _gpsbo |
|
| 801 | 1 |
_aRU _bELAR _2rusmarc |
|
| 852 |
_aNLR _j40-4/1212 |
||
| 942 | _cBOOK | ||
| 980 | _aNB | ||